00708nam a2200205Ia 4500008004100000100001800041245012500059260001100184300002100195440003900216521001000255650002600265650002100291650003000312650002000342650003000362942000700392999001900399952008400418140626s9999 xx 000 0 und d aBourne, Lyle. aIntention to respond in a special way offers some protection against forgetting association /cLyle Bourne ... [et al.]. cc2012. a125 : 1, page 23 aThe American Journal of Psychology aPSYCH aContingency analysis. aMemory accuracy. aMemory-updating paradigm. aResponse times. aTime pressure conditions. cSE c121335d121335 001040aCLbCLcPERd2014-06-26l0pS0443r2014-06-26 00:00:00w2014-06-26ySE